A Knorr-Bremse áruforgalmának elemző bemutatása

Bibliographic Details
Main Author: Tóth Krisztián
Other Authors: Németh Dr. Patrícia
Format: Thesis
Kulcsszavak:Knorr-Bremse
Áruforgalom
Ruhaautomata
Online Access:http://dolgozattar.uni-bge.hu/20571

MARC

LEADER 00000nta a2200000 i 4500
001 dolg20571
005 20190910124843.0
008 190508suuuu hu om 000 hun d
040 |a BGE Dolgozattár Repozitórium  |b hun 
041 |a hu 
100 1 |a Tóth Krisztián 
245 1 2 |a A Knorr-Bremse áruforgalmának elemző bemutatása  |c Tóth Krisztián  |h [elektronikus dokumentum] 
246 1 1 |a A Knorr-Bremse áruforgalmának elemző bemutatása 
695 |a Knorr-Bremse 
695 |a Áruforgalom 
695 |a Ruhaautomata 
700 1 |a Németh Dr. Patrícia  |e ths 
856 4 0 |u http://dolgozattar.uni-bge.hu/20571/7/T%C3%B3th%20Kriszti%C3%A1n%20titkos%C3%ADt%C3%A1s.pdf  |z Dokumentum-elérés 
856 4 0 |u http://dolgozattar.uni-bge.hu/20571/12/T%C3%B3th%20Kriszti%C3%A1n_I1O1S3_KM.pdf  |z Dokumentum-elérés